| 000 | 00615nam a22001697a 4500 | ||
|---|---|---|---|
| 005 | 20120209120030.0 | ||
| 020 |
_a8178080966 _c00.00 |
||
| 035 | _aB-78949 | ||
| 037 |
_aDPL _bENG |
||
| 100 |
_aStevens, W. Richard _941321 |
||
| 245 |
_aAdvanced programming in the Unix environment / _cW. Richard Stevens |
||
| 250 | _a12th rpr. | ||
| 260 |
_bPearson Education _c2003 |
||
| 300 |
_axiv, 744p. _c22 cms. |
||
| 942 |
_2ddc _cEN _h005.13 _mSTE |
||
| 999 |
_c62378 _d62378 |
||